| 000 | 00691nam a2200181Ia 4500 | ||
|---|---|---|---|
| 008 | 100921s9999 xx 000 0 und d | ||
| 082 |
_b36893 _a891.463 न 02 |
||
| 100 | _aबोरगावकर रा.म. | ||
| 245 | _aस्वप्नांचे स्कायलॅब. | ||
| 260 |
_bमधुश्री प्रकाशन, पुणे. _c2002 |
||
| 300 |
_a135 _bरसिक साहित्य,पुणे |
||
| 365 | _b120 | ||
| 520 | _aललित-कथा. | ||
| 630 | _aस्वप्नांचे स्कायलॅब. | ||
| 650 | _aललित-कथा. | ||
| 730 | _aस्वप्नांचे स्कायलॅब. | ||
| 942 | _cBOOK | ||
| 999 |
_c786006 _d786003 |
||